书目信息 |
| 题名: |
实验反应堆物理学
|
|
| 作者: | 普罗菲奥 , Profio 著 ;徐济〓 , 刘竞成 译 | |
| 分册: | ||
| 出版信息: | 北京 原子能出版社 1980 |
|
| 页数: | 416页 | |
| 开本: | 25cm | |
| 丛书名: | ||
| 单 册: | ||
| 中图分类: | TL32 | |
| 科图分类: | ||
| 主题词: | 反应堆物理学 , 反应堆--设计 , 反应堆--计算 | |
| 电子资源: | ||
| ISBN: | ||
| 000 | 00943nam0 2200325 45 | |
| 001 | 0180005985 | |
| 005 | 20040521090459.7 | |
| 010 | @dCNY3.75 | |
| 091 | @a15175.261 | |
| 100 | @a19950729d1980 emky0chiy0121 ea | |
| 101 | 0 | @achi@ceng |
| 102 | @aCN@b110000 | |
| 105 | @ay z 000yy | |
| 106 | @ar | |
| 200 | 10 | @a实验反应堆物理学@Ashi yan fan ying dui wu li xue@f(美)普罗菲奥(A.E. Profio)著@g徐济〓,刘竞成译 |
| 210 | @a北京@c原子能出版社@d1980 | |
| 215 | @a416页@d25cm | |
| 300 | @a书名原文:Experimetal reactor physics | |
| 510 | 1 | @aExperimetal reactor physics@zeng |
| 606 | 0 | @a反应堆物理学 |
| 606 | 0 | @a反应堆@x设计 |
| 606 | 0 | @a反应堆@x计算 |
| 690 | @aTL32 | |
| 701 | 1 | @a普罗菲奥@Apu luo fei ao@bA.E.@4著 |
| 701 | A1 | @aProfio@bA.E.@4著 |
| 702 | 0 | @a徐济〓@Axu ji〓@4译 |
| 702 | 0 | @a刘竞成@Aliu jing cheng@4译 |
| 801 | 0 | @aCN@b上海图书馆@c20040521 |
| 801 | 2 | @aCN@bNLC@c20040521 |
| 905 | @f1@b41547@dTL32@e3 | |
| 实验反应堆物理学/(美)普罗菲奥(A.E. Profio)著/徐济〓,刘竞成译.-北京:原子能出版社,1980 |
| 416页;25cm |
| 书名原文:Experimetal reactor physics |
| ISBN :CNY3.75 |
| ● |
| 相关链接 |
|
|
|
|
正题名:实验反应堆物理学
索取号:TL32/3
 
预约/预借
| 序号 | 登录号 | 条形码 | 馆藏地/架位号 | 状态 | 备注 |
| 1 | 0041547 | 001366783 | 第三借阅区/ [索取号:TL32/3] | 在馆 | |
| 2 | 0041548 | 001366827 | 第二样本阅览室/ [索取号:TL32/3] | 在馆 |